| 000 | 00650nam a22002057a 4500 | ||
|---|---|---|---|
| 003 | NUST | ||
| 005 | 20220702191013.0 | ||
| 008 | 220527b ||||| |||| 00| 0 eng d | ||
| 038 | _aAtta | ||
| 040 | _cCentral Library | ||
| 082 | _a005 FAQ | ||
| 100 |
_aFaqeed Haider Ali, Mohammad Irteza Rana,Arooj Lodhi _991878 |
||
| 245 |
_aTwo-Way GSM Transceiver _cFaqeed Haider Ali, Mohammad Irteza Rana,Arooj Lodhi |
||
| 260 |
_aIslamabad _bSEECS NUST _c2012 |
||
| 300 |
_a80,pages: _bHB _c25,cm |
||
| 563 | _aHB | ||
| 700 |
_aSupervisor:Dr.Munir Ahmad Tarar _991879 |
||
| 856 | _uhttp://10.250.8.41:8080/xmlui/handle/123456789/10339 | ||
| 942 |
_2ddc _cTHE |
||
| 999 |
_c590011 _d590011 |
||